ازمسۃ العقل المسلم/ (Record no. 93193)
[ view plain ]
| 000 -LEADER | |
|---|---|
| fixed length control field | 00496nam a22001577a 4500 |
| 005 - DATE AND TIME OF LATEST TRANSACTION | |
| control field | 20170505100021.0 |
| 008 - FIXED-LENGTH DATA ELEMENTS--GENERAL INFORMATION | |
| fixed length control field | 170505b xxu||||| |||| 00| 0 eng d |
| 020 ## - INTERNATIONAL STANDARD BOOK NUMBER | |
| International Standard Book Number | 1565640152 |
| 040 ## - CATALOGING SOURCE | |
| Transcribing agency | PK-LaUMT |
| 082 ## - DEWEY DECIMAL CLASSIFICATION NUMBER | |
| Classification number | ZIAC 297.01 |
| Item number | ABD-A |
| 100 ## - MAIN ENTRY--PERSONAL NAME | |
| Personal name | عبدالحمید احمد ابو سلیمان |
| 245 ## - TITLE STATEMENT | |
| Title | ازمسۃ العقل المسلم/ |
| Statement of responsibility, etc | عبدالحمید احمد ابو سلیمان |
| 260 ## - PUBLICATION, DISTRIBUTION, ETC. (IMPRINT) | |
| Place of publication, distribution, etc | بیروت: |
| Name of publisher, distributor, etc | المعھد العالمی، |
| Date of publication, distribution, etc | 1994 |
| 300 ## - PHYSICAL DESCRIPTION | |
| Extent | 243 ص |
| 942 ## - ADDED ENTRY ELEMENTS (KOHA) | |
| Koha item type | Books |
| Withdrawn status | Lost status | Damaged status | Home library | Current library | Date acquired | Full call number | Barcode | Date last seen | Price effective from | Koha item type |
|---|---|---|---|---|---|---|---|---|---|---|
| UMT Main Campus | UMT Main Campus | 2017-05-05 | ZIAC 297.01 ABD-A | 108363 | 2017-05-05 | 2017-05-05 | Books |
